[Event "Alexandria op 22nd"]
[Site "Alexandria"]
[Date "2017.08.03"]
[Round "2"]
[White "Abdel Wahed, Tarek"]
[Black "Amin, Ashraf"]
[Result "1/2-1/2"]
[WhiteElo "2047"]
[BlackElo "2217"]
[PlyCount "95"]
[EventDate "2017.08.02"]
[EventType "swiss"]
[EventRounds "10"]
[EventCountry "EGY"]
[SourceTitle "CBM 180 Extra"]
[Source "ChessBase"]
[SourceDate "2017.10.06"]
[SourceVersion "1"]
[SourceVersionDate "2017.10.06"]
[SourceQuality "1"]

1. e4 Nc6 2. d4 e5 3. d5 Nce7 4. c4 Ng6 5. Be3 Nf6 6. f3 b6 7. Nc3 Bc5 8. Bxc5 bxc5 9. Nge2 d6 10. g3 0-0 11. h4 h5 12. Qd3 Nh7 13. Bh3 Bxh3 14. Rxh3 Qd7 15. Ng1 f5 16. exf5 Rxf5 17. 0-0-0 Raf8 18. Rh2 Nf6 19. Re1 Ne7 20. Nh3 Nh7 21. Re3 R5f7 22. Ng5 Nxg5 23. hxg5 Nf5 24. Rxh5 g6 25. Rh6 Kg7 26. Ne4 Nxh6 27. gxh6+ Kxh6 28. Qd2 Kg7 29. Ng5 Rf6 30. Ne6+ Rxe6 31. dxe6 Qxe6 32. Qc3 g5 33. Kc2 Qf5+ 34. Kb3 Kg6 35. Ka3 g4 36. fxg4 Qxg4 37. Qd3+ Qf5 38. Re4 Kg7 39. b3 Qf3 40. Re3 Qf1 41. Qe4 Qd1 42. Re1 Qf3 43. Qh4 Qf6 44. Qg4+ Qg6 45. Qd7+ Rf7 46. Qh3 Qh6 47. Qg4+ Qg6 48. Qh4 1/2-1/2

[Event "Alexandria Smouha 2nd"]
[Site "Alexandria"]
[Date "2011.07.13"]
[Round "4"]
[White "Abdel Wahed, Tarek"]
[Black "Abdulsalam, Nadhmeia"]
[Result "1-0"]
[WhiteElo "2108"]
[BlackElo "1592"]
[PlyCount "79"]
[EventDate "2011.07.13"]
[EventType "swiss"]
[EventRounds "9"]
[EventCountry "EGY"]
[SourceTitle "EXT 2019"]
[Source "ChessBase"]
[SourceDate "2018.10.10"]
[SourceVersion "1"]
[SourceVersionDate "2018.10.10"]
[SourceQuality "1"]

1. e4 c5 2. Nf3 Nc6 3. Bb5 Nf6 4. e5 Ng4 5. d4 cxd4 6. Bxc6 dxc6 7. h3 Nxe5 8. Nxd4 e6 9. 0-0 Bc5 10. c3 0-0 11. Qh5 Bxd4 12. cxd4 Nd3 13. Be3 Nxb2 14. Nd2 Na4 15. Rac1 Qd5 16. Qd1 b5 17. Nb3 Nb6 18. Rc5 Qd6 19. Qg4 f5 20. Qf4 Qxf4 21. Bxf4 Bd7 22. Rfc1 Nc4 23. Rc3 a5 24. Nc1 h6 25. h4 Kf7 26. Nd3 Rg8 27. h5 g5 28. hxg6+ Rxg6 29. R3xc4 bxc4 30. Ne5+ Kg7 31. Nxd7 Rg4 32. Be5+ Kf7 33. Rxc4 Rg6 34. Rxc6 Rag8 35. g3 h5 36. Rc7 Rd8 37. Nf6+ Kf8 38. Nxh5 Ra8 39. a4 Rg8 40. Bd6+ 1-0

[Event "Alexandria Smouha 2nd"]
[Site "Alexandria"]
[Date "2011.07.13"]
[Round "3"]
[White "Ameir, Moheb"]
[Black "Abdel Wahed, Tarek"]
[Result "1-0"]
[WhiteElo "2158"]
[BlackElo "2108"]
[PlyCount "94"]
[EventDate "2011.07.13"]
[EventType "swiss"]
[EventRounds "9"]
[EventCountry "EGY"]
[SourceTitle "EXT 2019"]
[Source "ChessBase"]
[SourceDate "2018.10.10"]
[SourceVersion "1"]
[SourceVersionDate "2018.10.10"]
[SourceQuality "1"]

1. e4 c6 2. Nc3 d5 3. Nf3 Bg4 4. Be2 e6 5. 0-0 Be7 6. e5 Nd7 7. d4 f5 8. exf6 Bxf6 9. Re1 Qe7 10. Bf4 Nh6 11. h3 g5 12. Be5 Bxe5 13. Nxe5 Nxe5 14. Bxg4 Nexg4 15. hxg4 0-0 16. Qe2 Rae8 17. Rad1 Qf6 18. f3 Nf7 19. Qf2 Nh8 20. Ne2 Ng6 21. c3 Re7 22. Ng3 Qf7 23. Qd2 Nf4 24. Re5 Qg6 25. Rde1 h6 26. R5e3 Qf7 27. Nf5 Qf6 28. Nxe7+ Qxe7 29. g3 Ng6 30. Rxe6 Qf7 31. Qd3 Kg7 32. Kg2 a5 33. a4 b5 34. Rxc6 bxa4 35. Rxg6+ Qxg6 36. Re7+ Rf7 37. Qxg6+ Kxg6 38. Rxf7 Kxf7 39. Kf2 Ke6 40. Ke3 Kd6 41. Kd3 Kc6 42. c4 dxc4+ 43. Kxc4 Kd6 44. d5 Kd7 45. f4 Kd6 46. Kd4 Kd7 47. Ke5 Ke7 1-0

[Event "Mahalla op 11th"]
[Site "Mahalla"]
[Date "2009.01.31"]
[Round "3"]
[White "Eldesoky, Hatem"]
[Black "Abdel Wahed, Tarek"]
[Result "1/2-1/2"]
[WhiteElo "2254"]
[BlackElo "2085"]
[PlyCount "81"]
[EventDate "2009.01.30"]
[EventType "swiss"]
[EventRounds "9"]
[EventCountry "EGY"]
[SourceTitle "CBM 128 Extra"]
[Source "ChessBase"]
[SourceDate "2009.03.05"]
[SourceVersion "2"]
[SourceVersionDate "2009.03.25"]
[SourceQuality "1"]

1. e4 e5 2. Nf3 Nc6 3. Bb5 Nf6 4. 0-0 Nxe4 5. d4 Nd6 6. Bxc6 dxc6 7. dxe5 Nf5 8. Qxd8+ Kxd8 9. Nc3 h6 10. Be3 Bb4 11. Ne2 Bd7 12. Nfd4 Re8 13. Nxf5 Bxf5 14. Rad1+ Kc8 15. c3 Bf8 16. f4 b6 17. Ng3 Bd7 18. Rd2 c5 19. c4 f6 20. Ne4 Bc6 21. Nc3 Kb7 22. Bf2 fxe5 23. fxe5 Rxe5 24. Bg3 Re6 25. Rf7 Re7 26. Rdf2 Re1+ 27. Rf1 Rxf1+ 28. Kxf1 Rc8 29. h4 g6 30. Kf2 a5 31. Bf4 g5 32. hxg5 hxg5 33. Bxg5 Bd6 34. Bf4 Bf8 35. Rf6 Be7 36. Rh6 Bf8 37. Rh1 Bg7 38. Nd5 Bxb2 39. Rh7 Ba1 40. Rxc7+ Rxc7 41. Bxc7 1/2-1/2